000 00266nam a22001097a 4500
008 170116b xxu||||| |||| 00| 0 eng d
020 _a9781578397617
041 _aeng
080 _a618.2
245 _aENDING NURSE-TO-NURSE HOSTILITY
_cBARTHOLOMEW, K
942 _2udc
_cBK
999 _c2941
_d2941